000 00849cab a2200277 4500
001 ABS55096
008 090401t1996 xxu||||| |||| 00| 0 eng d
035 _a(Sirsi) u14163
041 _aeng
100 _aJones, C.
245 _aProperty-led local economic development policies
260 _c1996
350 _a0
490 _aRegional Studies
_v30(2) April 1996, 200-206(7)
520 _aExplains the aims of English Partnerships, its future and its role amongst a wider range of urban regeneration initiatives. References.
650 _aCITY GRANT
650 _aDERELICT LAND GRANT
650 _aECONOMIC DEVELOPMENT
650 _aENGLISH ESTATES
650 _aENGLISH PARTNERSHIPS
650 _aURBAN DEVELOPMENT CORPORATIONS
650 _aURBAN REGENERATION
690 _aURBAN RENEWAL
942 _n0
948 _c04/03/1997
999 _c9197
_d9197